[Event "RUS-chT2"]
[Site "Sochi"]
[Date "2023.05.09"]
[Round "8.1"]
[White "Prizant, Jaroslav"]
[Black "Pingin, Artem"]
[Result "1-0"]
[WhiteElo "2500"]
[BlackElo "2384"]
[PlyCount "62"]
[EventDate "2023.05.01"]
[EventType "team-swiss"]
[EventRounds "9"]
[EventCountry "RUS"]
[SourceTitle "CBM 214 Extra"]
[Source "ChessBase"]
[SourceDate "2023.07.31"]
[SourceVersion "1"]
[SourceVersionDate "2023.07.31"]
[SourceQuality "1"]
[WhiteTeam "Moscow Prizant School"]
[BlackTeam "Sverdlovsk Region Malakhit"]
[WhiteTeamCountry "RUS"]
[BlackTeamCountry "RUS"]

1. d4 d5 2. c4 dxc4 3. Nf3 Nf6 4. e3 e6 5. Bxc4 c5 6. 0-0 a6 7. e4 b5 8. Be2 Bb7 9. a4 b4 10. e5 Nd5 11. Nbd2 cxd4 12. Nc4 Nc6 13. Bg5 Qb8 14. Re1 Bc5 15. Bd3 h6 16. Bh4 Nce7 17. Nfd2 Nb6 18. Rc1 Nxc4 19. Nxc4 Bd5 20. Qg4 Kf8 21. Nd6 Bxd6 22. exd6 Qxd6 23. Qxd4 Nc6 24. Qb6 f5 25. Bc4 Rc8 26. Bxd5 Qxd5 27. Red1 Qe4 28. Qb7 Re8 29. Rxc6 Qxh4 30. Rd7 Rh7 31. Rc8 Qh5 1-0

[Event "RUS-ch Higher League 69th"]
[Site "Kolomna"]
[Date "2016.07.01"]
[Round "9"]
[White "Prizant, Jaroslav"]
[Black "Esipenko, Andrey"]
[Result "1/2-1/2"]
[WhiteElo "2511"]
[BlackElo "2471"]
[PlyCount "161"]
[EventDate "2016.06.22"]
[EventType "swiss"]
[EventRounds "9"]
[EventCountry "RUS"]
[SourceTitle "CBM 174"]
[Source "ChessBase"]
[SourceDate "2016.09.13"]
[SourceVersion "1"]
[SourceVersionDate "2016.09.13"]
[SourceQuality "1"]

1. e4 e5 2. Nf3 Nc6 3. Bb5 a6 4. Ba4 Nf6 5. 0-0 Be7 6. d3 d6 7. c3 0-0 8. Re1 Re8 9. Nbd2 Bf8 10. Nf1 h6 11. Ng3 b5 12. Bc2 d5 13. exd5 Nxd5 14. Bd2 Bb7 15. b4 Nf6 16. a4 Qd7 17. Ne4 Nxe4 18. dxe4 Nd8 19. Be3 Qc8 20. axb5 axb5 21. Qe2 c6 22. Bb3 Qb8 23. Rxa8 Qxa8 24. Bb6 c5 25. Qxb5 Ne6 26. bxc5 Bxe4 27. Nxe5 Ng5 28. Qa4 Qxa4 29. Bxa4 Rxe5 30. f4 Rxc5 31. fxg5 Bc6 32. Bxc6 Rxc6 33. Bd4 hxg5 34. Kf2 f6 35. Ra1 Kf7 36. Ra7+ Ke6 37. Ke3 Be7 38. Kd3 Bf8 39. Ra2 Bd6 40. h3 Be7 41. Re2+ Kd7 42. c4 Rc8 43. Ra2 Rc6 44. Ra7+ Ke6 45. Ra8 Kf7 46. Ra2 Ke6 47. Rb2 Kd7 48. Rb7+ Ke6 49. Rb1 Kd7 50. Rb5 Ke6 51. Ra5 Bf8 52. Kc3 Be7 53. Ra2 Kd7 54. Kb3 Rc8 55. Ra7+ Rc7 56. Ra2 Rc8 57. Kc3 Rc6 58. Ra5 Ke6 59. Kd3 Bf8 60. Ra8 Be7 61. Rb8 Ra6 62. Rb6+ Rxb6 63. Bxb6 Kd6 64. Bd4 Kc6 65. Kc3 Bd6 66. Kb3 Be7 67. Bc3 Bd6 68. Bb4 Be5 69. Kc2 Bc7 70. Kd3 Bd8 71. Ke4 g6 72. g4 Bc7 73. Ba3 Bd8 74. Bf8 Bc7 75. Be7 Be5 76. Bd8 Bb2 77. Ba5 Ba1 78. Bd2 Bb2 79. Be3 Ba1 80. Kd3 Be5 81. Ke4 1/2-1/2

[Event "RUS-ch Higher League 68th"]
[Site "Kaliningrad"]
[Date "2015.06.29"]
[Round "7"]
[White "Prizant, Jaroslav"]
[Black "Yandemirov, Valeri"]
[Result "1/2-1/2"]
[WhiteElo "2516"]
[BlackElo "2405"]
[PlyCount "86"]
[EventDate "2015.06.22"]
[EventType "swiss"]
[EventRounds "9"]
[EventCountry "RUS"]
[SourceTitle "EXT 2017"]
[Source "ChessBase"]
[SourceDate "2016.10.25"]
[SourceVersion "1"]
[SourceVersionDate "2016.10.25"]
[SourceQuality "1"]

1. Nf3 Nf6 2. c4 g6 3. Nc3 d5 4. cxd5 Nxd5 5. Qb3 Nb6 6. d4 Bg7 7. Bg5 0-0 8. Rd1 Bg4 9. e3 N8d7 10. Be2 Nf6 11. 0-0 c6 12. e4 Qc7 13. h3 Bxf3 14. Bxf3 Rfe8 15. e5 Nfd7 16. h4 Nf8 17. h5 Ne6 18. Be3 Rad8 19. a4 Qd7 20. d5 Nxd5 21. Nxd5 cxd5 22. Rxd5 Qc7 23. Rc1 Qb8 24. Rxd8 Rxd8 25. Qxb7 Qxe5 26. Rc8 Rxc8 27. Qxc8+ Nf8 28. hxg6 hxg6 29. Qc5 Qxb2 30. Qxa7 Ne6 31. Qa8+ Kh7 32. Qe4 Nd4 33. g3 Nxf3+ 34. Qxf3 Qa1+ 35. Kh2 Qxa4 36. Qxf7 Qb4 37. Bg5 Qe4 38. Bxe7 Qf5 39. Qa2 Bd4 40. Kg1 Qf3 41. Bd6 Bxf2+ 42. Qxf2 Qd1+ 43. Kg2 Qxd6 1/2-1/2

[Event "RUS-ch Higher League 68th"]
[Site "Kaliningrad"]
[Date "2015.06.24"]
[Round "3"]
[White "Prizant, Jaroslav"]
[Black "Grachev, Boris V"]
[Result "1/2-1/2"]
[WhiteElo "2516"]
[BlackElo "2657"]
[PlyCount "76"]
[EventDate "2015.06.22"]
[EventType "swiss"]
[EventRounds "9"]
[EventCountry "RUS"]
[SourceTitle "CBM 167"]
[Source "ChessBase"]
[SourceDate "2015.07.13"]
[SourceVersion "1"]
[SourceVersionDate "2015.07.13"]
[SourceQuality "1"]

1. Nf3 d5 2. c4 e6 3. e3 g6 4. d4 Bg7 5. Nc3 Nc6 6. Be2 Nge7 7. cxd5 exd5 8. 0-0 0-0 9. b3 Nf5 10. Ba3 Nce7 11. Ne1 c6 12. Nd3 Re8 13. Re1 Nd6 14. Rc1 Nef5 15. Bf1 a6 16. Bb2 Nb5 17. Na4 Nfd6 18. Nac5 Nc7 19. Ne5 Ne6 20. Nxe6 Bxe6 21. a4 Bf5 22. b4 f6 23. Nd3 Nc4 24. Bc3 Bxd3 25. Bxd3 b5 26. Ra1 f5 27. Re2 Qd6 28. g3 Nb6 29. Bc2 Bf6 30. Bb3 Kg7 31. Rea2 Rab8 32. Qc2 Rb7 33. axb5 axb5 34. Ra6 Ree7 35. Bd2 Nc4 36. Bc3 Nb6 37. Bd2 Nc4 38. Bc3 Nb6 1/2-1/2

[Event "RUS-chT2"]
[Site "Sochi"]
[Date "2015.05.06"]
[Round "6.2"]
[White "Anikonov, Dmitry"]
[Black "Prizant, Jaroslav"]
[Result "1/2-1/2"]
[WhiteElo "2320"]
[BlackElo "2524"]
[PlyCount "54"]
[EventDate "2015.05.01"]
[EventType "team-swiss"]
[EventRounds "7"]
[EventCountry "RUS"]
[SourceTitle "CBM 166 Extra"]
[Source "ChessBase"]
[SourceDate "2015.06.18"]
[SourceVersion "1"]
[SourceVersionDate "2015.06.18"]
[SourceQuality "1"]
[WhiteTeam "Krasnoyarsk 56 parallel"]
[BlackTeam "Moscow Region"]
[WhiteTeamCountry "RUS"]
[BlackTeamCountry "RUS"]

1. d4 Nf6 2. c4 g6 3. Nc3 Bg7 4. e4 d6 5. Be2 0-0 6. Be3 a6 7. g4 c5 8. g5 Nfd7 9. d5 b5 10. cxb5 axb5 11. Bxb5 Bxc3+ 12. bxc3 Qa5 13. a4 Ba6 14. Bxa6 Qxa6 15. Nf3 Nb6 16. a5 N8d7 17. Qe2 Nc4 18. Nd2 Nde5 19. Nxc4 Qxc4 20. Qxc4 Nxc4 21. Ke2 Rfb8 22. Ra4 Rb2+ 23. Kf3 Nb6 24. Raa1 Nc4 25. Ra4 Nb6 26. Raa1 Nc4 27. Ra4 Nb6 1/2-1/2

[Event "Chigorin Memorial 22nd"]
[Site "St Petersburg"]
[Date "2014.10.22"]
[Round "5"]
[White "Ivanisevic, Ivan"]
[Black "Prizant, Jaroslav"]
[Result "1-0"]
[WhiteElo "2623"]
[BlackElo "2511"]
[PlyCount "47"]
[EventDate "2014.10.18"]
[EventType "swiss"]
[EventRounds "9"]
[EventCountry "RUS"]
[SourceTitle "EXT 2015"]
[Source "ChessBase"]
[SourceDate "2014.11.20"]
[SourceVersion "1"]
[SourceVersionDate "2014.11.20"]
[SourceQuality "1"]

1. d4 d5 2. c4 e6 3. Nc3 c6 4. e3 f5 5. Bd3 Nf6 6. Nge2 Bd6 7. f3 0-0 8. Qc2 dxc4 9. Bxc4 b5 10. Bb3 Kh8 11. 0-0 Na6 12. Bd2 Rb8 13. a4 Nb4 14. Qd1 a6 15. Kh1 c5 16. axb5 axb5 17. dxc5 Bxc5 18. Nd4 e5 19. Na2 Nxa2 20. Nc6 Qb6 21. Nxb8 Nb4 22. Rc1 Rd8 23. Bxb4 Bxb4 24. Rc6 1-0

[Event "Chigorin Memorial 22nd"]
[Site "St Petersburg"]
[Date "2014.10.20"]
[Round "3"]
[White "Palchun, Grigory"]
[Black "Prizant, Jaroslav"]
[Result "0-1"]
[WhiteElo "2284"]
[BlackElo "2511"]
[PlyCount "72"]
[EventDate "2014.10.18"]
[EventType "swiss"]
[EventRounds "9"]
[EventCountry "RUS"]
[SourceTitle "EXT 2015"]
[Source "ChessBase"]
[SourceDate "2014.11.20"]
[SourceVersion "1"]
[SourceVersionDate "2014.11.20"]
[SourceQuality "1"]

1. e4 c5 2. Nc3 d6 3. g3 Nc6 4. Bg2 g6 5. d3 Bg7 6. f4 e6 7. Nf3 Nge7 8. 0-0 0-0 9. Be3 b6 10. Bf2 Qd7 11. d4 Ba6 12. Re1 Rfd8 13. e5 cxd4 14. Nxd4 Bb7 15. Nxc6 Bxc6 16. exd6 Nf5 17. Qd3 Bxg2 18. Kxg2 Qc6+ 19. Qf3 Qxf3+ 20. Kxf3 Bxc3 21. bxc3 Rac8 22. Bd4 Nxd4+ 23. cxd4 Rxd6 24. Rad1 Rxc2 25. Re2 Rc4 26. Ke4 Rd5 27. g4 Ra5 28. Rdd2 Rc3 29. Re3 f5+ 30. gxf5 gxf5+ 31. Kf3 Rxe3+ 32. Kxe3 Ra3+ 33. Kf2 Kf7 34. Rc2 h6 35. h4 Kg6 36. Re2 Kf6 0-1

[Event "Izhevsk Corporation Cup 6th"]
[Site "Izhevsk"]
[Date "2014.07.20"]
[Round "8"]
[White "Prizant, Jaroslav"]
[Black "Mokshanov, Alexey"]
[Result "1/2-1/2"]
[WhiteElo "2523"]
[BlackElo "2440"]
[PlyCount "82"]
[EventDate "2014.07.12"]
[EventType "swiss"]
[EventRounds "9"]
[EventCountry "RUS"]
[SourceTitle "CBM 161 Extra"]
[Source "ChessBase"]
[SourceDate "2014.08.29"]
[SourceVersion "1"]
[SourceVersionDate "2014.08.29"]
[SourceQuality "1"]

1. Nf3 Nf6 2. c4 c6 3. d4 d5 4. g3 e6 5. Bg2 Bb4+ 6. Nc3 dxc4 7. Ne5 Nd5 8. 0-0 b5 9. Qc2 Bb7 10. Ne4 Be7 11. b3 cxb3 12. axb3 Nd7 13. Nxd7 Qxd7 14. Nc5 Bxc5 15. Qxc5 Qe7 16. Rxa7 Rxa7 17. Qxa7 0-0 18. Qa1 Ra8 19. Qb2 c5 20. e4 Nb4 21. Be3 cxd4 22. Bxd4 e5 23. Be3 Ra2 24. Qb1 Qc7 25. Rd1 h6 26. Bd2 Qc2 27. Qxc2 Nxc2 28. b4 Ra3 29. Rc1 Nd4 30. Kf1 Nf3 31. Bxf3 Rxf3 32. Rc5 Bxe4 33. Rxe5 Bd3+ 34. Kg2 Rf5 35. Rxf5 Bxf5 36. f3 f6 37. Kf2 Kf7 38. Be3 Bd3 39. Bc5 Bc4 40. Ke3 Ke6 41. Bf8 Ke5 1/2-1/2

[Event "Izhevsk Corporation Cup 6th"]
[Site "Izhevsk"]
[Date "2014.07.19"]
[Round "7"]
[White "Ofitserian, Boris"]
[Black "Prizant, Jaroslav"]
[Result "1/2-1/2"]
[WhiteElo "2141"]
[BlackElo "2523"]
[PlyCount "83"]
[EventDate "2014.07.12"]
[EventType "swiss"]
[EventRounds "9"]
[EventCountry "RUS"]
[SourceTitle "CBM 161 Extra"]
[Source "ChessBase"]
[SourceDate "2014.08.29"]
[SourceVersion "1"]
[SourceVersionDate "2014.08.29"]
[SourceQuality "1"]

1. e4 c5 2. Nf3 d6 3. d4 Nf6 4. Nc3 cxd4 5. Nxd4 a6 6. Bc4 e6 7. 0-0 b5 8. Bb3 Be7 9. Qf3 Qc7 10. Qg3 0-0 11. Bh6 Ne8 12. Rad1 Bd7 13. f4 Nc6 14. f5 Nxd4 15. Rxd4 Kh8 16. f6 Bxf6 17. Rxf6 Qc5 18. Bxg7+ Nxg7 19. Qf2 Qe5 20. Rh6 f5 21. Ne2 fxe4 22. Qh4 Qf5 23. Rd1 e3 24. Ng3 Qf2+ 25. Kh1 Bc6 26. Rxh7+ Kg8 27. Bxe6+ Nxe6 28. Rh8+ Kf7 29. Qh5+ Ke7 30. Rh7+ Rf7 31. Nf5+ Kd8 32. Rxd6+ Bd7 33. Rxd7+ Rxd7 34. Rxd7+ Kxd7 35. Qf7+ Kc6 36. Qxe6+ Kc7 37. Qd6+ Kb7 38. Qd7+ Kb6 39. Qd6+ Ka5 40. Qa3+ Kb6 41. Qd6+ Ka5 42. Qa3+ 1/2-1/2

[Event "Izhevsk Corporation Cup 6th"]
[Site "Izhevsk"]
[Date "2014.07.18"]
[Round "6"]
[White "Prizant, Jaroslav"]
[Black "Ermolaev, Evgeny"]
[Result "1-0"]
[WhiteElo "2523"]
[BlackElo "2289"]
[PlyCount "61"]
[EventDate "2014.07.12"]
[EventType "swiss"]
[EventRounds "9"]
[EventCountry "RUS"]
[SourceTitle "CBM 161 Extra"]
[Source "ChessBase"]
[SourceDate "2014.08.29"]
[SourceVersion "1"]
[SourceVersionDate "2014.08.29"]
[SourceQuality "1"]

1. d4 Nf6 2. c4 c5 3. d5 b5 4. Nf3 Bb7 5. a4 Qa5+ 6. Bd2 b4 7. Qc2 g6 8. e4 d6 9. Bd3 Bg7 10. h3 0-0 11. Be3 Nbd7 12. Nbd2 e6 13. 0-0 e5 14. g4 Rfe8 15. Be2 h6 16. Kg2 Nf8 17. Rh1 g5 18. h4 Nxg4 19. hxg5 Nxe3+ 20. fxe3 hxg5 21. Nxg5 Qd8 22. Ngf3 Ng6 23. Nf1 a5 24. Ng3 Bc8 25. Rag1 Bg4 26. Kf2 b3 27. Qb1 Rb8 28. Nf5 Bxf5 29. exf5 Nf8 30. Qf1 f6 31. Qh3 1-0

[Event "RUS-chT 21st"]
[Site "Loo"]
[Date "2014.04.12"]
[Round "6.5"]
[White "Prizant, Jaroslav"]
[Black "Grishchenko, Sergey"]
[Result "0-1"]
[WhiteElo "2521"]
[BlackElo "2436"]
[PlyCount "58"]
[EventDate "2014.04.07"]
[EventType "team-swiss"]
[EventRounds "7"]
[EventCountry "RUS"]
[SourceTitle "CBM 160"]
[Source "ChessBase"]
[SourceDate "2014.05.15"]
[SourceVersion "1"]
[SourceVersionDate "2014.05.15"]
[SourceQuality "1"]
[WhiteTeam "Moscow Region"]
[BlackTeam "Desnogorsk Atom"]
[WhiteTeamCountry "RUS"]
[BlackTeamCountry "RUS"]

1. d4 Nf6 2. c4 e6 3. g3 c5 4. d5 exd5 5. cxd5 d6 6. Nc3 g6 7. Bg2 Bg7 8. Nf3 0-0 9. 0-0 a6 10. a4 Nbd7 11. h3 Qe7 12. Nd2 Rb8 13. Nc4 Ne5 14. Na3 Nh5 15. f4 b5 16. axb5 axb5 17. Naxb5 Nxg3 18. fxe5 Bxe5 19. Rf3 Bd7 20. Ra7 Qd8 21. Na3 Rb4 22. Nc2 Bf5 23. Nxb4 cxb4 24. Na4 Qh4 25. Be3 Bxh3 26. Rc7 Qg4 27. Rf2 Ne4 28. Qf1 Qg3 29. Bf4 Bxf4 0-1

[Event "EU-ch 15th"]
[Site "Yerevan"]
[Date "2014.03.13"]
[Round "10"]
[White "Beradze, Irakli"]
[Black "Prizant, Jaroslav"]
[Result "1/2-1/2"]
[WhiteElo "2364"]
[BlackElo "2534"]
[PlyCount "51"]
[EventDate "2014.03.03"]
[EventType "swiss"]
[EventRounds "11"]
[EventCountry "ARM"]
[SourceTitle "CBM 160"]
[Source "ChessBase"]
[SourceDate "2014.05.15"]
[SourceVersion "1"]
[SourceVersionDate "2014.05.15"]
[SourceQuality "1"]

1. e4 c5 2. Nf3 d6 3. d4 cxd4 4. Qxd4 Nc6 5. Bb5 Bd7 6. Bxc6 Bxc6 7. Nc3 Nf6 8. Bg5 e6 9. 0-0-0 Be7 10. Qd3 Qa5 11. Bh4 0-0 12. Nd4 Rfc8 13. f4 Be8 14. f5 Rxc3 15. Qxc3 Qxa2 16. Rhe1 Nd5 17. exd5 Bxh4 18. dxe6 Bg5+ 19. Re3 Rc8 20. Qd3 fxe6 21. Nxe6 Bxe3+ 22. Qxe3 Qa1+ 23. Kd2 Qa5+ 24. Kc1 Qxf5 25. Nd4 Qd7 26. Re1 1/2-1/2

[Event "EU-ch 15th"]
[Site "Yerevan"]
[Date "2014.03.12"]
[Round "9"]
[White "Prizant, Jaroslav"]
[Black "Khairullin, Ildar"]
[Result "0-1"]
[WhiteElo "2534"]
[BlackElo "2657"]
[PlyCount "122"]
[EventDate "2014.03.03"]
[EventType "swiss"]
[EventRounds "11"]
[EventCountry "ARM"]
[SourceTitle "CBM 160"]
[Source "ChessBase"]
[SourceDate "2014.05.15"]
[SourceVersion "1"]
[SourceVersionDate "2014.05.15"]
[SourceQuality "1"]

1. Nf3 d5 2. e3 Nf6 3. c4 c6 4. Nc3 e6 5. d4 a6 6. Qc2 Nbd7 7. b3 Bd6 8. Bb2 0-0 9. Be2 b6 10. 0-0 Bb7 11. e4 dxe4 12. Nxe4 Nxe4 13. Qxe4 Nf6 14. Qc2 Qe7 15. Rad1 h6 16. Rfe1 Ba3 17. Bxa3 Qxa3 18. c5 bxc5 19. Qxc5 Qxc5 20. dxc5 Nd5 21. Ne5 a5 22. a3 Rfc8 23. Bc4 Rc7 24. Nf3 Ba6 25. h4 Bxc4 26. bxc4 Nc3 27. Rd6 Na4 28. Ne5 Nxc5 29. Rxc6 Rxc6 30. Nxc6 Ra6 31. Nd4 Rd6 32. Nb5 Rd2 33. Rc1 Kf8 34. Rc3 Rd1+ 35. Kh2 h5 36. f3 Ke7 37. Rc2 Rd3 38. Kg1 e5 39. Nc3 Rd4 40. Ne2 Rd3 41. Rc3 Rd1+ 42. Kf2 f5 43. g3 Kd6 44. Rc2 Rd3 45. Rc3 Rxc3 46. Nxc3 Nd3+ 47. Ke2 Nb2 48. g4 hxg4 49. fxg4 fxg4 50. Ne4+ Kc6 51. Nd2 a4 52. Kf2 Kc5 53. Ne4+ Kd4 54. Ng5 Nxc4 55. Ne6+ Kd3 56. Nxg7 e4 57. Ne6 e3+ 58. Kg3 Nxa3 59. Nc5+ Kc2 60. h5 Nc4 61. h6 Ne5 0-1

[Event "EU-ch 15th"]
[Site "Yerevan"]
[Date "2014.03.11"]
[Round "8"]
[White "Musalov, Ruslan"]
[Black "Prizant, Jaroslav"]
[Result "0-1"]
[WhiteElo "2340"]
[BlackElo "2534"]
[PlyCount "94"]
[EventDate "2014.03.03"]
[EventType "swiss"]
[EventRounds "11"]
[EventCountry "ARM"]
[SourceTitle "CBM 160"]
[Source "ChessBase"]
[SourceDate "2014.05.15"]
[SourceVersion "1"]
[SourceVersionDate "2014.05.15"]
[SourceQuality "1"]

1. d4 Nf6 2. c4 g6 3. Nf3 Bg7 4. e3 c5 5. Nc3 cxd4 6. exd4 d5 7. c5 0-0 8. Be2 Ne4 9. 0-0 Nc6 10. Be3 Nxc3 11. bxc3 b6 12. Qa4 Bd7 13. Bb5 Qc7 14. c4 a6 15. Bxc6 Bxc6 16. cxb6 Qb7 17. Qb4 dxc4 18. a4 Bxf3 19. gxf3 Qxf3 20. Qxc4 Qg4+ 21. Kh1 Qe4+ 22. Kg1 e5 23. Ra3 Qg4+ 24. Kh1 Qf3+ 25. Kg1 Qg4+ 26. Kh1 Qf3+ 27. Kg1 exd4 28. Bc1 Qb7 29. a5 Rac8 30. Qd3 Rfe8 31. Bd2 Rc5 32. Raa1 Ree5 33. Rfe1 Rg5+ 34. Bxg5 Rxg5+ 35. Qg3 Rxg3+ 36. hxg3 Bf8 37. Red1 Bb4 38. Rxd4 Bc3 39. Rd8+ Kg7 40. Ra3 Qe7 41. Rxc3 Qxd8 42. Rc1 Qd3 43. Rc8 Qb1+ 44. Kg2 Qe4+ 45. Kf1 Qh1+ 46. Ke2 Qd5 47. Rc2 Qxa5 0-1

[Event "EU-ch 15th"]
[Site "Yerevan"]
[Date "2014.03.08"]
[Round "6"]
[White "Prizant, Jaroslav"]
[Black "Bulmaga, Irina"]
[Result "1-0"]
[WhiteElo "2534"]
[BlackElo "2375"]
[PlyCount "81"]
[EventDate "2014.03.03"]
[EventType "swiss"]
[EventRounds "11"]
[EventCountry "ARM"]
[SourceTitle "CBM 160"]
[Source "ChessBase"]
[SourceDate "2014.05.15"]
[SourceVersion "1"]
[SourceVersionDate "2014.05.15"]
[SourceQuality "1"]

1. d4 Nf6 2. c4 e6 3. Nf3 b6 4. e3 Bb7 5. Bd3 d5 6. cxd5 exd5 7. Nc3 Bd6 8. 0-0 0-0 9. b3 a6 10. Bb2 Nbd7 11. Rc1 Qe7 12. Re1 Ne4 13. Bf1 Rae8 14. g3 f5 15. Bg2 Rf6 16. Ne5 Nxc3 17. Bxc3 Nxe5 18. dxe5 Bxe5 19. Bxd5+ Bxd5 20. Qxd5+ Rf7 21. Red1 Bxc3 22. Rxc3 Qe4 23. Qxe4 fxe4 24. b4 g5 25. Rdc1 Ree7 26. Kg2 Rd7 27. R1c2 h5 28. Ra3 h4 29. Rxa6 Kg7 30. a4 Kg6 31. a5 Rd6 32. Ra8 bxa5 33. bxa5 Rff6 34. Rg8+ Kh6 35. gxh4 gxh4 36. Rg4 Kh5 37. Rc5+ Kh6 38. Rxh4+ Kg6 39. Rc2 Rd5 40. Rxe4 Rxa5 41. Rec4 1-0

[Event "EU-ch 15th"]
[Site "Yerevan"]
[Date "2014.03.06"]
[Round "4"]
[White "Prizant, Jaroslav"]
[Black "Chudinovskih, Alexander N"]
[Result "1-0"]
[WhiteElo "2534"]
[BlackElo "2280"]
[PlyCount "95"]
[EventDate "2014.03.03"]
[EventType "swiss"]
[EventRounds "11"]
[EventCountry "ARM"]
[SourceTitle "CBM 160"]
[Source "ChessBase"]
[SourceDate "2014.05.15"]
[SourceVersion "1"]
[SourceVersionDate "2014.05.15"]
[SourceQuality "1"]

1. d4 Nf6 2. c4 e6 3. Nf3 c5 4. d5 exd5 5. cxd5 d6 6. Nc3 g6 7. Bf4 a6 8. e4 Nh5 9. Be3 Bg7 10. Nd2 0-0 11. Be2 Nf6 12. a4 Nbd7 13. 0-0 Ne8 14. f4 f5 15. exf5 gxf5 16. h3 Rb8 17. Re1 Kh8 18. Bf2 Bh6 19. g3 Ndf6 20. Bf3 b6 21. Rb1 Rg8 22. Kh2 Bg7 23. Qc2 Qc7 24. Qd3 Ra8 25. Bg2 Ra7 26. Nf3 Qf7 27. Nh4 Nh5 28. Re6 Rf8 29. Bf3 Bxc3 30. bxc3 Nhg7 31. Re2 b5 32. Ra2 bxa4 33. Rxa4 Rb7 34. Ng2 Nf6 35. Ne3 Qd7 36. Rxb7 Bxb7 37. Ra2 Re8 38. c4 Ne4 39. Be1 h6 40. Rc2 Nf6 41. Bc3 Rf8 42. g4 fxg4 43. hxg4 Bc8 44. Qg6 Qf7 45. Qxh6+ Nh7 46. Kg3 Kg8 47. Rf2 Ne8 48. Be4 1-0

[Event "Moscow op-A"]
[Site "Moscow"]
[Date "2014.02.04"]
[Round "4"]
[White "Vishnu, Prasanna V"]
[Black "Prizant, Jaroslav"]
[Result "1/2-1/2"]
[WhiteElo "2468"]
[BlackElo "2534"]
[PlyCount "64"]
[EventDate "2014.02.01"]
[EventType "swiss"]
[EventRounds "9"]
[EventCountry "RUS"]
[SourceTitle "CBM 158 Extra"]
[Source "ChessBase"]
[SourceDate "2014.02.28"]
[SourceVersion "1"]
[SourceVersionDate "2014.02.28"]
[SourceQuality "1"]

1. e4 e6 2. d4 d5 3. Nc3 Bb4 4. e5 Ne7 5. a3 Bxc3+ 6. bxc3 c5 7. Qg4 Kf8 8. a4 Qc7 9. Qd1 cxd4 10. cxd4 Qc3+ 11. Bd2 Qxd4 12. Nf3 Qe4+ 13. Be2 Nbc6 14. Bc3 Ng6 15. 0-0 Nf4 16. Bd3 Nxd3 17. cxd3 Qg6 18. a5 f5 19. Qb3 h6 20. a6 b6 21. Qa3+ Kg8 22. Qd6 Qe8 23. Nd4 Nxd4 24. Bxd4 Kh7 25. Rfc1 Rf8 26. Rc7 Rf7 27. Rxf7 Qxf7 28. Qc6 Rb8 29. Qd6 Ra8 30. Qc6 Rb8 31. Qd6 Ra8 32. Qc6 Rb8 1/2-1/2

[Event "RUS Cup op"]
[Site "Dombai"]
[Date "2013.10.23"]
[Round "6"]
[White "Prizant, Jaroslav"]
[Black "Maletin, Pavel"]
[Result "1/2-1/2"]
[WhiteElo "2540"]
[BlackElo "2598"]
[PlyCount "110"]
[EventDate "2013.10.18"]
[EventType "swiss"]
[EventRounds "9"]
[EventCountry "RUS"]
[SourceTitle "EXT 2015"]
[Source "ChessBase"]
[SourceDate "2014.11.20"]
[SourceVersion "1"]
[SourceVersionDate "2014.11.20"]
[SourceQuality "1"]

1. d4 Nf6 2. Nf3 e6 3. e3 b6 4. c4 Bb4+ 5. Nbd2 Bb7 6. Bd3 0-0 7. 0-0 d5 8. a3 Be7 9. cxd5 exd5 10. b4 Nbd7 11. Rb1 Bd6 12. Qc2 Qe7 13. Bb2 a5 14. Rfc1 axb4 15. axb4 c6 16. Bc3 Rfe8 17. Bf1 Ra7 18. b5 c5 19. Ra1 Raa8 20. Rxa8 Rxa8 21. Ra1 Qe8 22. Qb2 Rxa1 23. Qxa1 Bb8 24. g3 c4 25. Bg2 Nf8 26. Ne5 Qc8 27. f4 Ne6 28. Qa4 Nc7 29. Nb1 Qe8 30. Na3 Ba6 31. g4 Nxb5 32. Qxa6 Nxc3 33. Qxb6 Bxe5 34. dxe5 Nxg4 35. Bf3 h5 36. h3 Nxe5 37. fxe5 Qxe5 38. Kg2 Qg5+ 39. Kf2 Qh4+ 40. Kg2 Ne4 41. Bxe4 Qxe4+ 42. Kf2 Qf5+ 43. Kg2 Qd3 44. Qc5 Qe2+ 45. Kg1 Qe1+ 46. Kg2 Qe2+ 47. Kg1 Qf3 48. h4 g5 49. Nb5 gxh4 50. Qd4 Qg3+ 51. Kh1 Qf2 52. Qxd5 Qxe3 53. Qxc4 h3 54. Qd5 Qg3 55. Nd6 Qg2+ 1/2-1/2

[Event "RUS Cup op"]
[Site "Dombai"]
[Date "2013.10.21"]
[Round "4"]
[White "Prizant, Jaroslav"]
[Black "Kovalenko, Igor"]
[Result "0-1"]
[WhiteElo "2540"]
[BlackElo "2643"]
[PlyCount "76"]
[EventDate "2013.10.18"]
[EventType "swiss"]
[EventRounds "9"]
[EventCountry "RUS"]
[SourceTitle "EXT 2015"]
[Source "ChessBase"]
[SourceDate "2014.11.20"]
[SourceVersion "1"]
[SourceVersionDate "2014.11.20"]
[SourceQuality "1"]

1. Nf3 Nf6 2. d4 g6 3. c4 Bg7 4. g3 d5 5. cxd5 Nxd5 6. Bg2 Nb6 7. Nc3 Nc6 8. e3 0-0 9. 0-0 Re8 10. a3 a5 11. d5 Ne5 12. Nd4 a4 13. Qc2 Bd7 14. Rd1 Qc8 15. e4 Nec4 16. f4 Bg4 17. Rd3 c5 18. dxc6 e5 19. cxb7 Qxb7 20. Nde2 Qa7 21. h3 Be6 22. Kh2 Rac8 23. g4 exf4 24. Bxf4 Ne5 25. Rd5 Nxd5 26. exd5 Bd7 27. Rf1 Nc4 28. Rf3 Qb6 29. Bc1 Ne5 30. Rf4 Qa6 31. Ng3 Bb5 32. Re4 Bd3 33. Qxa4 Qb6 34. Rb4 Nf3+ 35. Bxf3 Qf2+ 36. Bg2 Re1 37. Nh1 Qg1+ 38. Kg3 Rxc1 0-1

[Event "RUS Cup op"]
[Site "Dombai"]
[Date "2013.10.19"]
[Round "2"]
[White "Prizant, Jaroslav"]
[Black "Mudrak, Alexey"]
[Result "1-0"]
[WhiteElo "2540"]
[BlackElo "2127"]
[PlyCount "64"]
[EventDate "2013.10.18"]
[EventType "swiss"]
[EventRounds "9"]
[EventCountry "RUS"]
[SourceTitle "EXT 2015"]
[Source "ChessBase"]
[SourceDate "2014.11.20"]
[SourceVersion "1"]
[SourceVersionDate "2014.11.20"]
[SourceQuality "1"]

1. d4 Nf6 2. c4 e6 3. g3 c5 4. d5 exd5 5. cxd5 Bd6 6. Bg2 0-0 7. Nh3 Re8 8. 0-0 b5 9. Re1 Bb7 10. a4 a6 11. Na3 c4 12. e4 Bxa3 13. Rxa3 d6 14. g4 Nfd7 15. axb5 axb5 16. Rxa8 Bxa8 17. f4 Na6 18. Nf2 Nac5 19. Be3 Bb7 20. g5 Qc7 21. h4 Ba6 22. h5 b4 23. h6 Nd3 24. Nxd3 cxd3 25. Qa4 Qb7 26. Ra1 Ra8 27. Qc6 Nc5 28. Qxd6 Nb3 29. Qe5 f6 30. Qe6+ Qf7 31. Rxa6 Re8 32. Qxf7+ Kxf7 1-0